<?xml version="1.0" encoding="UTF-8"?>
<record
    xmlns:xsi="http://www.w3.org/2001/XMLSchema-instance"
    xsi:schemaLocation="http://www.loc.gov/MARC21/slim http://www.loc.gov/standards/marcxml/schema/MARC21slim.xsd"
    xmlns="http://www.loc.gov/MARC21/slim">

  <leader>01061nam a2200301   4500</leader>
  <controlfield tag="003">MX-MxINE</controlfield>
  <controlfield tag="005">20260601193858.0</controlfield>
  <controlfield tag="008">260421b2008    mx a|||| |||| 00| 0 spa d</controlfield>
  <datafield tag="020" ind1=" " ind2=" ">
    <subfield code="a">9786070095917</subfield>
  </datafield>
  <datafield tag="040" ind1=" " ind2=" ">
    <subfield code="a">ICI</subfield>
    <subfield code="b">spa</subfield>
    <subfield code="c">ICI</subfield>
    <subfield code="e">rda</subfield>
  </datafield>
  <datafield tag="041" ind1=" " ind2=" ">
    <subfield code="a">spa</subfield>
    <subfield code="h">eng</subfield>
  </datafield>
  <datafield tag="050" ind1=" " ind2=" ">
    <subfield code="a">HN120.M6</subfield>
    <subfield code="b">G37 2008</subfield>
  </datafield>
  <datafield tag="100" ind1=" " ind2=" ">
    <subfield code="a">Garc&#xED;a, Julio C&#xE9;sar</subfield>
    <subfield code="e">autor</subfield>
    <subfield code="9">33359</subfield>
  </datafield>
  <datafield tag="245" ind1=" " ind2=" ">
    <subfield code="a">El bicho</subfield>
    <subfield code="b">una forma de vivir = a way of life</subfield>
    <subfield code="c">Julio C&#xE9;sar Garc&#xED;a.</subfield>
  </datafield>
  <datafield tag="246" ind1=" " ind2=" ">
    <subfield code="a">A way of life</subfield>
  </datafield>
  <datafield tag="264" ind1=" " ind2=" ">
    <subfield code="a">M&#xE9;xico</subfield>
    <subfield code="b">Editorial Terracota</subfield>
    <subfield code="c">2008</subfield>
  </datafield>
  <datafield tag="300" ind1=" " ind2=" ">
    <subfield code="a">163 p&#xE1;ginas</subfield>
    <subfield code="b">ilustraciones</subfield>
  </datafield>
  <datafield tag="336" ind1=" " ind2=" ">
    <subfield code="2">rdacontent</subfield>
    <subfield code="a">texto</subfield>
  </datafield>
  <datafield tag="337" ind1=" " ind2=" ">
    <subfield code="2">rdamedia</subfield>
    <subfield code="a">sin medio</subfield>
  </datafield>
  <datafield tag="338" ind1=" " ind2=" ">
    <subfield code="2">rdacarrier</subfield>
    <subfield code="a">volumen</subfield>
  </datafield>
  <datafield tag="520" ind1=" " ind2=" ">
    <subfield code="a">Obra testimonial que describe la vida urbana, experiencias personales y contextos de marginalidad social en M&#xE9;xico.</subfield>
  </datafield>
  <datafield tag="650" ind1=" " ind2=" ">
    <subfield code="a">Vida urbana</subfield>
    <subfield code="z">M&#xE9;xico.</subfield>
    <subfield code="9">33360</subfield>
  </datafield>
  <datafield tag="650" ind1=" " ind2=" ">
    <subfield code="a">Marginalidad social</subfield>
    <subfield code="z">M&#xE9;xico.</subfield>
    <subfield code="9">33361</subfield>
  </datafield>
  <datafield tag="650" ind1=" " ind2=" ">
    <subfield code="a">Subculturas</subfield>
    <subfield code="z">M&#xE9;xico</subfield>
    <subfield code="9">33362</subfield>
  </datafield>
  <datafield tag="650" ind1=" " ind2=" ">
    <subfield code="a">Condiciones sociales</subfield>
    <subfield code="z">M&#xE9;xico.</subfield>
    <subfield code="9">33363</subfield>
  </datafield>
  <datafield tag="651" ind1=" " ind2=" ">
    <subfield code="a">M&#xE9;xico</subfield>
    <subfield code="x">Vida social y costumbres.</subfield>
    <subfield code="9">769</subfield>
  </datafield>
  <datafield tag="942" ind1=" " ind2=" ">
    <subfield code="2">ddc</subfield>
    <subfield code="n">0</subfield>
    <subfield code="c">B</subfield>
  </datafield>
  <datafield tag="999" ind1=" " ind2=" ">
    <subfield code="c">22124</subfield>
    <subfield code="d">22124</subfield>
  </datafield>
  <datafield tag="952" ind1=" " ind2=" ">
    <subfield code="0">0</subfield>
    <subfield code="1">0</subfield>
    <subfield code="2">lcc</subfield>
    <subfield code="4">0</subfield>
    <subfield code="7">0</subfield>
    <subfield code="a">BDIMFM</subfield>
    <subfield code="b">BDIMFM</subfield>
    <subfield code="d">2026-04-21</subfield>
    <subfield code="l">0</subfield>
    <subfield code="o">HN120.M6 G37 2008</subfield>
    <subfield code="p">BDIMFM000724</subfield>
    <subfield code="r">2026-04-21 22:35:50</subfield>
    <subfield code="t">Ej.1</subfield>
    <subfield code="w">2026-04-21</subfield>
    <subfield code="y">B</subfield>
  </datafield>
</record>
